000 00623nam a22002297a 4500
003 UA-OsUOA
001 52609
007 ta
008 20150716b un ||||| |||| 00| 0 ukr d
090 _a082
_bС71
942 _cBK
040 _aUA-OsUOA
_bukr
_cUA-OsUOA
_dUA-OsUOA
245 _aСпадщина.
_bТ.5
300 _a576 с.
955 _a1
041 _aukr
080 _a082
260 _aК.
_bСтилос
_c2010
650 7 _a08 Видання. Колективні праці
_2UDC
999 _c432731
_d432731